Loading...

India charithrakurippukal

Bibliografiske detaljer
Hovedforfatter: Karl marx
Format: Printed Book
Sprog:Malayalam
Udgivet: Sarwadesiyasamskarikasahakaranakendram Sarwadesiyasamskarikasahakaranakendram
LEADER 00484nam a2200133Ia 4500
008 111205s9999 xx 000 0 mal d
082 |a 852 JOR/K 
100 |a Karl marx 
245 |a India charithrakurippukal  |c Karl marx 
260 |b Sarwadesiyasamskarikasahakaranakendram  |a Sarwadesiyasamskarikasahakaranakendram  |c 0 
300 |a 0 
942 |c BK 
999 |c 221920  |d 221920 
952 |0 0  |1 0  |2 ddc  |4 0  |6 S_10R5  |7 0  |9 245060  |a MAL  |b MAL  |c SEC  |d 1984-03-28  |g 0.00  |l 0  |o S10R5  |p MAL6604  |r 2011-12-05  |v 0.00  |w 2011-12-05  |y BK